01053nam a22002897i 4500003000900000005001700009007000300026008004100029020001800070040003000088041000800118082002300126100004900149245005600198250002300254264008600277300002800363336002900391337003300420338002900453490004200482500007300524500007100597504003800668651002900706651002800735DO-SdBNP20241212090759.0ta110301s2021 dr 000 0 spa d a9789945613889 aDO-SdBNPbspacBNPHUerda aspa 4a972.9106bZ28c2221 aZanetti Lecuona, Oscar ,d1946-eautor4aut.10aCuba :bel largo siglo XX /cOscar Zanetti Lecuona. aPrimera edición  4aSanto Domingo, República Dominicana :bArchivo General de la Nación,c©2021. a679 páginas ;c26 cm. atexto btxt2rdacontent  asin mediaciónbn2rdamedia avolumenbnc2rdacarrier 0 aArchivo General de la Nación ;v412 aIncluye datos biográficos del autor en la solapa de la cubierta.  aIncluye referencias bibliográficas y notas a pie de páginas.  aBibliografía: páginas 635-675 7aCubaxHistoriaySiglo XX 7aCuba xHistoria y1900-